| 000 | 00612cam a2200229Ia 4500 | ||
|---|---|---|---|
| 999 |
_c5982 _d5982 |
||
| 001 | 30855 | ||
| 003 | GBCCL | ||
| 005 | 20241126110553.0 | ||
| 008 | 831108s19701979txu 000 0 eng d | ||
| 035 | _a(OCoLC)10106414 | ||
| 040 |
_aICA _cICA _dFYB |
||
| 049 | _aLBBK | ||
| 082 |
_a236.9 _bDUN |
||
| 100 | 1 |
_aDuncan, Homer _92974 |
|
| 245 | 1 | 4 |
_aThe King is coming / _cby Homer Duncan. |
| 250 | _a3rd enl. ed. 2nd printing | ||
| 260 |
_aLubbock, Tex. : _bMissionary Crusader, _c[197-] |
||
| 300 |
_a116 p. ; _c17 cm. |
||
| 650 | 0 |
_aSecond Advent. _9458 |
|
| 650 | 0 |
_aEnd of the world. _92039 |
|
| 942 |
_2ddc _cBK _02 |
||